Bác Hồ với văn nghệ sĩ: Hồi ký
v.v...
Đã lưu trong:
| Tác giả chính: | |
|---|---|
| Định dạng: | Sách |
| Năm xuất bản: |
H.
Văn học
1995
|
| Phiên bản: | In lần thứ 3 có bổ sung |
| Chủ đề: | |
| Tags: |
Thêm thẻ
Không có thẻ, Hãy là người đầu tiên gắn thẻ bản ghi này!
|
| LEADER | 01015nam a2200217 4500 | ||
|---|---|---|---|
| 082 | |a 895.922803 |b B101H | ||
| 100 | |a Lữ Huy Nguyên | ||
| 245 | |a Bác Hồ với văn nghệ sĩ: Hồi ký |c Lữ Huy Nguyên sưu tầm, biên soạn, giới thiệu | ||
| 250 | |a In lần thứ 3 có bổ sung | ||
| 260 | |a H. |b Văn học |c 1995 | ||
| 300 | |a 445 tr. |c 19 cm | ||
| 520 | |a v.v... | ||
| 653 | |a Văn học hiện đại | ||
| 653 | |a Việt Nam | ||
| 653 | |a HCM, 1890-1969 | ||
| 653 | |a Hồi ký | ||
| 942 | |2 ddc |c STK0 | ||
| 999 | |c 9229 |d 9229 | ||
| 952 | |0 0 |1 0 |2 ddc |4 0 |6 895_922803000000000_B101H |7 0 |8 800 |9 74516 |a qbu |b qbu |c D5 |d 2015-05-08 |g 20000 |o 895.922803 B101H. |p 9065.c1 |r 0000-00-00 |w 2015-05-08 |y STK0 | ||
| 952 | |0 0 |1 0 |2 ddc |4 0 |6 895_922803000000000_B101H |7 0 |8 800 |9 74517 |a qbu |b qbu |c D5 |d 2015-05-08 |g 20000 |o 895.922803 B101H. |p 9065.c2 |r 0000-00-00 |w 2015-05-08 |y STK0 | ||
| 952 | |0 0 |1 0 |2 ddc |4 0 |6 895_922803000000000_B101H |7 0 |8 800 |9 94128 |a qbu |b qbu |c D5 |d 2015-09-15 |g 20000 |o 895.922803 B101H. |p 9065.c3 |r 2015-10-28 |w 2015-09-15 |y STK0 | ||